Guyton & Hall Textbook of Medical Physiology (Record no. 15580)
[ view plain ]
| 000 -LEADER | |
|---|---|
| fixed length control field | 00374nam a22001577a 4500 |
| 003 - CONTROL NUMBER IDENTIFIER | |
| control field | SGT |
| 020 ## - INTERNATIONAL STANDARD BOOK NUMBER | |
| International Standard Book Number | 9788131244661 |
| 082 ## - DEWEY DECIMAL CLASSIFICATION NUMBER | |
| Classification number | 612 |
| Item number | G17H |
| 100 ## - MAIN ENTRY--PERSONAL NAME | |
| Personal name | HALL, JOHN E. |
| 245 ## - TITLE STATEMENT | |
| Title | Guyton & Hall Textbook of Medical Physiology |
| 250 ## - EDITION STATEMENT | |
| Edition statement | 2nd South Asian |
| 260 ## - PUBLICATION, DISTRIBUTION, ETC. (IMPRINT) | |
| Place of publication, distribution, etc | NEW DELHI |
| Name of publisher, distributor, etc | Elsevier India |
| Year of Publication | 2017 |
| 300 ## - PAGE DESCRIPTION | |
| No. of Pages | 927 |
| 650 ## - SUBJECT ADDED ENTRY--TOPICAL TERM | |
| Topical term or geographic name as entry element | Physiology |
| 942 ## - ADDED ENTRY ELEMENTS (KOHA) | |
| Source of classification or shelving scheme | Dewey Decimal Classification |
| Koha item type | Books |
| 942 ## - ADDED ENTRY ELEMENTS (KOHA) | |
| -- | 22 |
| Withdrawn status | Lost status | Source of classification or shelving scheme | Damaged status | Not for loan | Home library | Current library | Shelving location | Date acquired | Vendor Name | Cost, normal purchase price | SGTU | Bill Number | Total Checkouts | Full call number | Accession No. (Barcode) | Date last seen | Date last borrowed | Bill Date | Koha item type |
|---|---|---|---|---|---|---|---|---|---|---|---|---|---|---|---|---|---|---|---|
| Dewey Decimal Classification | SGT Dental Library | SGT Dental Library | Text Book | 14/06/2018 | ABC | 1795.00 | SGTU | 9730 | 4 | 612 G17H | FD7752 | 12/12/2023 | 02/12/2023 | 15/05/2018 | Books | ||||
| Dewey Decimal Classification | SGT Dental Library | SGT Dental Library | Text Book | 14/06/2018 | ABC | 1795.00 | SGTU | 9730 | 7 | 612 G17H | FD7753 | 04/07/2025 | 21/06/2025 | 15/05/2018 | Books | ||||
| Dewey Decimal Classification | SGT Dental Library | SGT Dental Library | Text Book | 14/06/2018 | ABC | 1795.00 | SGTU | 9730 | 13 | 612 G17H | FD7754 | 23/09/2022 | 23/09/2022 | 15/05/2018 | Books | ||||
| Dewey Decimal Classification | SGT Dental Library | SGT Dental Library | Text Book | 14/06/2018 | ABC | 1795.00 | SGTU | 9730 | 11 | 612 G17H | FD7755 | 24/06/2025 | 13/06/2025 | 15/05/2018 | Books | ||||
| Dewey Decimal Classification | SGT Dental Library | SGT Dental Library | Text Book | 14/06/2018 | ABC | 1795.00 | SGTU | 9730 | 12 | 612 G17H | FD7756 | 07/11/2025 | 25/10/2025 | 15/05/2018 | Books |